Nota Kursus Pengenalan Kepada Penilaian (31 Januari - 5 Februari 1994)

Bibliographic Details
Format: Book
Subjects:

MARC

LEADER 00000cam a2200000 7i4500
001 0000006005
005 20010819.0
040 |a INS 
090 0 0 |a AVO 29 
245 0 0 |a Nota Kursus Pengenalan Kepada Penilaian (31 Januari - 5 Februari 1994) 
650 0 0 |a Pengenalan Kepada Penilaian 
999 |a AVO0000049   |b BOOK   |c Course Notes   |e Default branch